| 000 | 00451nam a22001697a 4500 | ||
|---|---|---|---|
| 008 | 151019b xxu||||| |||| 00| 0 eng d | ||
| 020 | _a0835955664 | ||
| 041 | 0 | _aeng | |
| 080 | _a621.3 | ||
| 100 | 1 | _aDatta, S. K. | |
| 245 | 1 | 0 |
_aPower electronics and controls / _cS.K. Datta. |
| 260 |
_aReston, Va. : _bReston Pub. Co., _c1985. |
||
| 300 |
_axii, 196 f. : _bme il.; _c24 cm. |
||
| 650 | 0 | _aElektronika | |
| 650 | 0 | _aElektroteknika | |
| 942 |
_2udc _cBK |
||
| 999 |
_c1314 _d1314 |
||